Introduccion a la mejora genética vegetal
Gorde:
| Egile nagusia: | |
|---|---|
| Formatua: | Liburua |
| Hizkuntza: | gaztelania |
| Argitaratua: |
Madrid
Mundi-Prensa
2013
|
| Edizioa: | 3a. ed |
| Gaiak: | |
| Etiketak: |
Etiketa erantsi
Etiketarik gabe, Izan zaitez lehena erregistro honi etiketa jartzen!
|
MARC
| LEADER | 00000cam a2200000 a 4500 | ||
|---|---|---|---|
| 001 | UCC0544 | ||
| 003 | CL-VaPUC | ||
| 008 | 170818e20130000sp |||||||||||||||||spa|d | ||
| 020 | |a 9788484766551 | ||
| 082 | 0 | 4 | |a 581.15 |b CUB |2 21 |
| 100 | 0 | |a Cubero, José Ignacio |e author |9 594543 | |
| 245 | 1 | 0 | |a Introduccion a la mejora genética vegetal |
| 250 | |a 3a. ed | ||
| 300 | |a 569 p | ||
| 942 | |c BK | ||
| 945 | |d 20170818 15:36:00 |a dcastane | ||
| 260 | |a Madrid |b Mundi-Prensa |c 2013 | ||
| 650 | 0 | |a Botánica |9 264202 | |
| 650 | 0 | |a Genética agrícola |9 390119 | |
| 650 | 0 | |a Recursos genéticos |9 393131 | |
| 650 | 0 | |a Reproducción vegetal |9 360269 | |
| 583 | |a last modification |c 20170818 15:36:00 |k Rodrigo Vera | ||
| 999 | |c 369353 |d 369351 | ||
| 952 | |0 0 |1 0 |3 erb |4 0 |6 581_150000000000000_CUB_2013 |7 0 |8 A |9 485111 |a BIBAGR |b BIBAGR |i 5416353 |o 581.15 CUB 2013 |p 5416353 |r 2025-01-20 |w 2019-11-24 |y BK |z Catalogado en:20170818 |k AGR | ||